Normal view
MARC view
- مؤتمر الموارد البشرية شريك استراتيجي في العمل والتطوير المؤسسي (2013 : دبي، الإمارات العربية المتحدة)
Entry Personal Name
001 - CONTROL NUMBER
- control field: 51957
003 - CONTROL NUMBER IDENTIFIER
- control field: JO-AjAnu
005 - DATE AND TIME OF LATEST TRANSACTION
- control field: 20230606082538.0
008 - FIXED-LENGTH DATA ELEMENTS
- fixed length control field: 230606|| aca||aabn | a|a d
040 ## - CATALOGING SOURCE
- Original cataloging agency: JO-AjAnu
- Transcribing agency: JO-AjAnu
100 ## - HEADING--PERSONAL NAME
- Personal name: مؤتمر الموارد البشرية شريك استراتيجي في العمل والتطوير المؤسسي (2013 : دبي، الإمارات العربية المتحدة)
670 ## - SOURCE DATA FOUND
- Source citation: Work cat.: (JO-AjAnu)26555: مؤتمر الموارد البشرية شريك استراتيجي في العمل والتطوير المؤسسي (2013 : دبي، الإمارات العربية المتحدة) , author, أثر التخطيط الاستراتيجي في تطوير الموارد البشرية : بحوث وأوراق عمل من مؤتمر الموارد البشرية شريك استراتيجي في العمل والتطوير المؤسسي